[Event "ESTCC U50 2018"]
[Site "Walbrzych"]
[Date "2018.04.17"]
[Round "4"]
[White "Pietinen, Pekka"]
[Black "Roth, Martin"]
[Result "1-0"]
[WhiteElo "1983"]
[BlackElo "2141"]
[Annotator "NA"]
[PlyCount "121"]
[EventDate "2018.??.??"]
[EventCountry "POL"]
[SourceTitle "playchess.com"]
[Source "ChessBase"]
[SourceQuality "1"]
[WhiteTeam "FIN"]
[BlackTeam "SUI"]
[WhiteTeamCountry "FIN"]
[BlackTeamCountry "GER"]
[TimeControl "40/5400+30:1800+30"]

1. e4 {[%emt 0:00:00]} c5 {[%emt 0:00:02]} 2. Nf3 {[%emt 0:00:02]} a6 {[%emt 0:00:11]} 3. d4 {[%emt 0:00:35]} cxd4 {[%emt 0:00:17]} 4. Nxd4 {[%emt 0:00:09]} Nf6 {[%emt 0:00:16] LiveBook: 203 Games} 5. Bd3 {[%emt 0:02:49]} e5 {[%emt 0:00:10]} 6. Nb3 {[%emt 0:04:12]} d5 {[%emt 0:00:28]} 7. exd5 {[%emt 0:01:32]} Nxd5 {[%emt 0:01:12]} 8. Be4 {[%emt 0:05:36]} Nf6 {[%emt 0:04:55]} 9. Qxd8+ {[%emt 0:01:48]} Kxd8 {[%emt 0:00:30]} 10. Bf3 {[%emt 0:00:05]} e4 {[%emt 0:02:30]} 11. Be2 $14 {[%emt 0:00:15]} Nc6 {[%emt 0:01:31]} 12. a3 {[%emt 0:06:10]} Bd6 {[%emt 0:02:01]} 13. Bg5 {[%emt 0:04:08]} Be6 {[%emt 0:02:58]} 14. N1d2 {[%emt 0:03:15]} Bxb3 {[%emt 0:05:21]} 15. Nxb3 {[%emt 0:00:43]} Kc7 {[%emt 0:00:27]} 16. O-O-O {[%emt 0:01:58]} Rhe8 {[%emt 0:01:23]} 17. h3 {[%emt 0:03:26]} h6 {[%emt 0:03:20]} 18. Be3 {[%emt 0:01:16]} Rad8 {[%emt 0:02:10]} 19. Rd2 {[%emt 0:03:16]} g5 {[%emt 0:07:04]} 20. Nd4 {[%emt 0:06:44]} Bf4 {[%emt 0:13:41]} 21. Nxc6 {[%emt 0:08:13]} Kxc6 {[%emt 0:05:32]} 22. c4 {[%emt 0:03:44]} Rxd2 {[%emt 0:00:57]} 23. Kxd2 {[%emt 0:00:14]} Rd8+ {[%emt 0:00:10]} 24. Kc3 {[%emt 0:02:10]} Bxe3 {[%emt 0:00:29]} 25. fxe3 {[%emt 0:00:03]} Ne8 {[%emt 0:08:26]} 26. Rf1 {[%emt 0:03:08]} Rd7 {[%emt 0:06:06]} 27. b4 {[%emt 0:02:51]} b6 {[%emt 0:07:30]} 28. g4 {[%emt 0:02:08]} f6 {[%emt 0:02:31]} 29. Rd1 {[%emt 0:01:31]} Re7 {[%emt 0:02:13]} 30. Rd5 {[%emt 0:05:00]} Re5 {[%emt 0:00:43]} 31. Kd4 {[%emt 0:10:07]} Re7 {[%emt 0:01:02]} 32. c5 {[%emt 0:03:16]} bxc5+ {[%emt 0:01:28]} 33. Rxc5+ {[%emt 0:00:22]} Kb6 {[%emt 0:00:11]} 34. Bc4 {[%emt 0:02:27]} Nc7 {[%emt 0:00:54]} 35. a4 {[%emt 0:01:31]} Rd7+ {[%emt 0:04:59]} 36. Kxe4 {[%emt 0:00:44]} Re7+ {[%emt 0:00:37]} 37. Kd4 {[%emt 0:01:46]} Rd7+ {[%emt 0:01:54]} 38. Ke4 {[%emt 0:00:59]} Re7+ {[%emt 0:00:08]} 39. Kf3 {[%emt 0:00:07]} Rd7 {[%emt 0:01:13]} 40. Rf5 {[%emt 0:00:00]} Rd6 {[%emt 0:00:42]} 41. Ke4 {[%emt 0:03:11]} Kc6 {[%emt 0:01:57]} 42. Rf2 {[%emt 0:01:59]} Kd7 {[%emt 0:00:31]} 43. b5 {[%emt 0:00:47]} a5 {[%emt 0:01:28]} 44. Rf5 {[%emt 0:03:35]} Na8 {[%emt 0:03:06]} 45. Rd5 {[%emt 0:02:58]} Nb6 {[%emt 0:00:05]} 46. Rxd6+ {[%emt 0:00:23]} Kxd6 {[%emt 0:00:01]} 47. Bb3 {[%emt 0:00:14]} Nd7 {[%emt 0:00:54]} 48. Kf5 {[%emt 0:01:01]} Nc5 {[%emt 0:04:59]} 49. Bc2 {[%emt 0:00:14]} Nd7 {[%emt 0:00:01]} 50. Bd1 {[%emt 0:00:49]} Ke7 {[%emt 0:00:34]} 51. Bb3 {[%emt 0:01:57]} Nc5 {[%emt 0:00:53]} 52. Bc2 {[%emt 0:00:05]} Nd7 {[%emt 0:00:04]} 53. Kg6 {[%emt 0:00:26]} Nb6 {[%emt 0:00:56]} 54. Kxh6 {[%emt 0:01:41]} Nc4 {[%emt 0:00:18]} 55. e4 {[%emt 0:02:16]} Kd6 {[%emt 0:01:27]} 56. Kg6 {[%emt 0:01:38]} Ke5 {[%emt 0:00:01]} 57. Kf7 {[%emt 0:00:17]} Nb6 {[%emt 0:00:20]} 58. Ke7 {[%emt 0:00:20]} Nc4 {[%emt 0:02:31]} 59. Kd7 {[%emt 0:01:11]} Nd6 {[%emt 0:02:23]} 60. b6 {[%emt 0:02:30]} Nb7 {[%emt 0:00:09]} 61. Kc7 {[%emt 0:01:44] Kxe4} 1-0

[Event "ESTCC U50 2018"]
[Site "Walbrzych"]
[Date "2018.04.17"]
[Round "4"]
[White "Szmyd, Marek"]
[Black "Scowen, Roger S"]
[Result "1-0"]
[WhiteElo "1898"]
[BlackElo "1882"]
[Annotator "NA"]
[PlyCount "47"]
[EventDate "2018.??.??"]
[EventCountry "POL"]
[SourceTitle "playchess.com"]
[Source "ChessBase"]
[SourceQuality "1"]
[WhiteTeam "Poland"]
[BlackTeam "England"]
[WhiteTeamCountry "POL"]
[BlackTeamCountry "ENG"]
[TimeControl "40/5400+30:1800+30"]

1. b3 {[%emt 0:02:45]} f5 {[%emt 0:01:16]} 2. Bb2 {[%emt 0:02:04]} Nf6 {[%emt 0:00:09]} 3. e3 {[%emt 0:00:16]} e6 {[%emt 0:01:56]} 4. f4 {[%emt 0:02:17]} Be7 {[%emt 0:00:37]} 5. Nf3 {[%emt 0:00:06]} O-O {[%emt 0:00:41]} 6. g3 {[%emt 0:00:58]} Qe8 {[%emt 0:10:11]} 7. Bg2 {[%emt 0:00:48]} c5 {[%emt 0:07:19]} 8. O-O {[%emt 0:02:47]} Nc6 {[%emt 0:00:11]} 9. c4 {[%emt 0:06:38]} d6 {[%emt 0:06:32]} 10. Nc3 {[%emt 0:04:19]} a6 {[%emt 0:03:37]} 11. d4 {[%emt 0:06:27]} d5 {[%emt 0:13:40]} 12. cxd5 {[%emt 0:06:46]} exd5 {[%emt 0:01:33]} 13. dxc5 {[%emt 0:01:14]} Bxc5 {[%emt 0:00:04]} 14. Nxd5 {[%emt 0:03:57]} Bxe3+ {[%emt 0:01:10]} 15. Kh1 {[%emt 0:10:28]} Ng4 {[%emt 0:08:31]} 16. Nc7 {[%emt 0:05:26]} Qf7 {[%emt 0:02:41]} 17. Nxa8 {[%emt 0:02:21]} h6 {[%emt 0:05:01]} 18. Qe2 {[%emt 0:20:51]} Re8 {[%emt 0:01:38]} 19. Ne5 {[%emt 0:06:17]} Qh5 {[%emt 0:00:30]} 20. Nxg4 fxg4 {[%emt 0:00:30]} 21. Nc7 Re7 {[%emt 0:00:30]} 22. Nd5 Re8 23. Nc7 Re7 {[%emt 0:02:33]} 24. Nd5 {[%emt 0:02:30]} 1-0

[Event "ESTCC U50 2018"]
[Site "Walbrzych"]
[Date "2018.04.17"]
[Round "4"]
[White "Ruiz Bellon, Manuel"]
[Black "Webster, Jim J"]
[Result "1-0"]
[WhiteElo "1861"]
[BlackElo "1769"]
[Annotator "NA"]
[PlyCount "69"]
[EventDate "2018.??.??"]
[EventCountry "POL"]
[SourceTitle "playchess.com"]
[Source "ChessBase"]
[SourceQuality "1"]
[WhiteTeam "Spain"]
[BlackTeam "Scotland"]
[WhiteTeamCountry "ESP"]
[BlackTeamCountry "SCO"]
[TimeControl "40/5400+30:1800+30"]

1. Nf3 {[%emt 0:00:00]} c5 {[%emt 0:00:15]} 2. g3 {[%emt 0:00:00]} b6 {[%emt 0:00:11]} 3. Bg2 {[%emt 0:00:00]} Bb7 {[%emt 0:00:06]} 4. c4 {[%emt 0:00:26]} Nf6 {[%emt 0:00:44]} 5. Nc3 {[%emt 0:00:44]} g6 {[%emt 0:00:43]} 6. O-O {[%emt 0:02:52]} Bg7 {[%emt 0:00:11]} 7. e3 {[%emt 0:02:06]} O-O {[%emt 0:02:04]} 8. d4 {[%emt 0:00:56]} cxd4 {[%emt 0:04:22]} 9. exd4 {[%emt 0:00:15]} d6 {[%emt 0:00:08]} 10. Re1 {[%emt 0:04:24]} e6 {[%emt 0:02:05]} 11. Bf4 {[%emt 0:13:28]} Nh5 {[%emt 0:20:57]} 12. Bg5 {[%emt 0:04:39]} Qd7 {[%emt 0:01:00]} 13. Qd2 {[%emt 0:03:24]} Re8 {[%emt 0:10:00]} 14. Rad1 {[%emt 0:01:31]} a6 {[%emt 0:09:22]} 15. g4 {[%emt 0:06:35]} Nf6 {[%emt 0:00:41]} 16. Qf4 {[%emt 0:00:35]} Qd8 {[%emt 0:02:24]} 17. h3 {[%emt 0:03:11]} Ra7 {[%emt 0:07:48]} 18. Nd2 {[%emt 0:13:19]} h6 {[%emt 0:24:13]} 19. Bxh6 {[%emt 0:01:16]} Nh7 {[%emt 0:00:24]} 20. Bxg7 {[%emt 0:01:19]} Kxg7 {[%emt 0:00:09]} 21. Nde4 {[%emt 0:01:09]} Qc7 {[%emt 0:08:43]} 22. Qxd6 {[%emt 0:02:01]} Bxe4 {[%emt 0:00:42]} 23. Nxe4 {[%emt 0:01:29]} Rd8 {[%emt 0:00:16]} 24. Qxc7 {[%emt 0:01:12]} Rxc7 25. c5 {[%emt 0:03:37]} bxc5 {[%emt 0:00:34]} 26. dxc5 {[%emt 0:06:57]} Rh8 {[%emt 0:00:30]} 27. g5 {[%emt 0:02:26]} Nd7 {[%emt 0:00:42]} 28. Rc1 {[%emt 0:05:54]} Rb8 {[%emt 0:00:36]} 29. Re2 Rbc8 30. Rec2 {[%emt 0:04:28]} Ne5 {[%emt 0:01:18]} 31. Rc3 {[%emt 0:02:41]} Nf8 {[%emt 0:00:45]} 32. f4 {[%emt 0:02:28]} Nc6 {[%emt 0:00:16]} 33. Rd1 {[%emt 0:00:53]} Rb8 {[%emt 0:00:43]} 34. Nd6 {[%emt 0:01:00]} Rxb2 {[%emt 0:00:51]} 35. Rd2 1-0

[Event "ESTCC U50 2018"]
[Site "Walbrzych"]
[Date "2018.04.17"]
[Round "4"]
[White "Jones, Gareth"]
[Black "Daleczko, Zbigniew"]
[Result "1-0"]
[WhiteElo "1858"]
[BlackElo "1835"]
[Annotator "NA"]
[PlyCount "68"]
[EventDate "2018.??.??"]
[EventCountry "POL"]
[SourceTitle "playchess.com"]
[Source "ChessBase"]
[SourceQuality "1"]
[WhiteTeam "England"]
[BlackTeam "Poland"]
[WhiteTeamCountry "ENG"]
[BlackTeamCountry "POL"]
[TimeControl "40/5400+30:1800+30"]

1. Nf3 c5 {[%emt 0:00:40]} 2. g3 {[%emt 0:00:00]} Nc6 {[%emt 0:00:27]} 3. d4 {[%emt 0:00:00]} cxd4 {[%emt 0:00:08]} 4. Nxd4 {[%emt 0:00:00]} g6 {[%emt 0:00:08]} 5. Bg2 {[%emt 0:00:00]} Bg7 {[%emt 0:00:09]} 6. Nxc6 {[%emt 0:00:17]} bxc6 {[%emt 0:00:12]} 7. O-O {[%emt 0:00:23]} Nf6 {[%emt 0:01:31]} 8. c4 {[%emt 0:01:40]} O-O {[%emt 0:00:48]} 9. Nc3 {[%emt 0:00:37]} Qc7 {[%emt 0:01:04]} 10. Qc2 {[%emt 0:04:20]} d6 {[%emt 0:00:50]} 11. e4 {[%emt 0:03:50]} Bb7 {[%emt 0:04:32]} 12. Qe2 {[%emt 0:03:11]} Nd7 {[%emt 0:01:16]} 13. Be3 {[%emt 0:01:53]} Bxc3 {[%emt 0:00:33]} 14. bxc3 {[%emt 0:00:13]} c5 {[%emt 0:00:14]} 15. Bh6 {[%emt 0:01:40]} Rfe8 {[%emt 0:00:26]} 16. f4 {[%emt 0:00:35]} Rab8 17. Bh3 Nf6 {[%emt 0:12:02]} 18. Bg2 {[%emt 0:11:45]} Qd7 {[%emt 0:07:20]} 19. Rad1 {[%emt 0:10:18]} Qc7 {[%emt 0:05:25]} 20. f5 {[%emt 0:03:07]} Bc6 {[%emt 0:03:49]} 21. fxg6 {[%emt 0:04:30]} hxg6 {[%emt 0:00:11]} 22. Qf2 {[%emt 0:05:22]} Qc8 {[%emt 0:05:05]} 23. Rd5 {[%emt 0:09:22]} Qe6 {[%emt 0:10:14]} 24. h3 {[%emt 0:13:14]} Nd7 {[%emt 0:03:04]} 25. Rg5 {[%emt 0:02:33]} Kh7 {[%emt 0:01:06]} 26. Qf4 {[%emt 0:01:42]} Kxh6 {[%emt 0:02:17]} 27. Re5+ {[%emt 0:00:38]} Kg7 {[%emt 0:03:54]} 28. Rxe6 fxe6 29. Qf7+ {[%emt 0:01:43]} Kh6 {[%emt 0:00:35]} 30. Rf4 {[%emt 0:02:59]} Nf6 {[%emt 0:01:36]} 31. Rh4+ {[%emt 0:02:24]} Kg5 {[%emt 0:00:17]} 32. e5 {[%emt 0:04:24]} Rb1+ {[%emt 0:00:49]} 33. Bf1 {[%emt 0:01:09]} Bd7 {[%emt 0:02:15]} 34. exf6 Rbb8 1-0

[Event "ESTCC U50 2018"]
[Site "Walbrzych"]
[Date "2018.04.17"]
[Round "4"]
[White "Aird, Ian"]
[Black "Ciuro Munoz, Ricardo"]
[Result "0-1"]
[WhiteElo "1785"]
[BlackElo "1972"]
[Annotator "NA"]
[PlyCount "46"]
[EventDate "2018.??.??"]
[EventCountry "POL"]
[SourceTitle "playchess.com"]
[Source "ChessBase"]
[SourceQuality "1"]
[WhiteTeam "Scotland"]
[BlackTeam "Spain"]
[WhiteTeamCountry "SCO"]
[BlackTeamCountry "ESP"]
[TimeControl "40/5400+30:1800+30"]

1. c4 c5 2. Nf3 Nf6 3. Nc3 d5 4. cxd5 Nxd5 5. e3 {LiveBook: 411 Games} Nc7 6. d4 cxd4 7. exd4 $14 g6 8. Bc4 Bg7 9. Qb3 O-O 10. Ng5 e6 11. Be3 Nc6 12. Qa4 a6 13. Qd1 Nxd4 14. O-O b5 15. Bd3 Bb7 16. Nce4 h6 17. Nf3 Nxf3+ 18. gxf3 Nd5 19. Qe2 Nxe3 20. fxe3 Rc8 21. a4 Rb8 22. axb5 axb5 23. Bxb5 Bxe4 {[%emt 1:02:27]} 0-1

[Event "ESTCC U50 2018"]
[Site "Walbrzych"]
[Date "2018.04.17"]
[Round "4"]
[White "Aegerter, Klaus"]
[Black "Green, Michael L"]
[Result "1-0"]
[WhiteElo "1731"]
[BlackElo "2069"]
[Annotator "NA"]
[PlyCount "55"]
[EventDate "2018.??.??"]
[EventCountry "POL"]
[SourceTitle "playchess.com"]
[Source "ChessBase"]
[SourceQuality "1"]
[WhiteTeam "SUI"]
[BlackTeam "FIN"]
[WhiteTeamCountry "SUI"]
[BlackTeamCountry "SCO"]
[TimeControl "40/5400+30:1800+30"]

1. e4 {[%emt 0:00:00]} c5 {[%emt 0:00:36]} 2. Nf3 {[%emt 0:00:08]} Nc6 {[%emt 0:00:47]} 3. d3 {[%emt 0:00:22]} d6 {[%emt 0:00:36]} 4. g3 {[%emt 0:00:43]} Bd7 {[%emt 0:03:42]} 5. Bg2 {[%emt 0:00:12]} g6 {[%emt 0:00:47]} 6. O-O {[%emt 0:00:24]} Bg7 {[%emt 0:00:27]} 7. c3 {[%emt 0:01:13]} e5 {[%emt 0:04:14]} 8. Be3 {[%emt 0:03:00]} Qb6 {[%emt 0:02:10]} 9. Qd2 {[%emt 0:01:18]} O-O-O {[%emt 0:00:44]} 10. b4 {[%emt 0:05:50]} h5 {[%emt 0:04:00]} 11. h4 {[%emt 0:01:51]} Bh6 {[%emt 0:00:59]} 12. Bxh6 {[%emt 0:04:30]} Nxh6 {[%emt 0:00:37]} 13. bxc5 {[%emt 0:01:44]} dxc5 {[%emt 0:00:17]} 14. Na3 {[%emt 0:02:50]} Be6 {[%emt 0:02:50]} 15. Rfb1 {[%emt 0:08:34]} Qa6 {[%emt 0:01:21]} 16. Qb2 {[%emt 0:09:32]} b6 {[%emt 0:01:36]} 17. d4 {[%emt 0:10:53]} exd4 {[%emt 0:01:13]} 18. cxd4 {[%emt 0:02:03]} Nxd4 {[%emt 0:00:25]} 19. Nxd4 {[%emt 0:01:17]} Rxd4 {[%emt 0:00:12]} 20. Nb5 {[%emt 0:00:23]} Rdd8 {[%emt 0:02:07]} 21. Qe5 {[%emt 0:02:14]} Kb7 {[%emt 0:11:20]} 22. Qc7+ {[%emt 0:02:55]} Ka8 {[%emt 0:00:02]} 23. e5+ {[%emt 0:06:35]} Bd5 {[%emt 0:00:29]} 24. Bxd5+ {[%emt 0:00:13]} Rxd5 25. Qc6+ Qb7 {[%emt 0:01:34]} 26. Nc7+ {[%emt 0:00:53]} Kb8 {[%emt 0:00:44]} 27. Qxb7+ {[%emt 0:00:09]} Kxb7 {[%emt 0:00:06]} 28. Nxd5 {[%emt 0:00:07]} 1-0

[Event "ESTCC U50 2018"]
[Site "Walbrzych"]
[Date "2018.04.17"]
[Round "4"]
[White "Telenius, Kimmo"]
[Black "Sidler, Samuel"]
[Result "1-0"]
[WhiteElo "1603"]
[BlackElo "1833"]
[Annotator "NA"]
[PlyCount "75"]
[EventDate "2018.??.??"]
[EventCountry "POL"]
[SourceTitle "playchess.com"]
[Source "ChessBase"]
[SourceQuality "1"]
[WhiteTeam "FIN"]
[BlackTeam "SUI"]
[WhiteTeamCountry "FIN"]
[BlackTeamCountry "SUI"]
[TimeControl "40/5400+30:1800+30"]

1. e4 {[%emt 0:00:00]} c5 {[%emt 0:00:07]} 2. Nf3 {[%emt 0:00:15]} e6 {[%emt 0:00:20]} 3. d4 {[%emt 0:01:03]} cxd4 {[%emt 0:00:13]} 4. Nxd4 {[%emt 0:00:12]} a6 {[%emt 0:00:20]} 5. c4 {[%emt 0:01:02]} Nf6 {[%emt 0:01:45]} 6. Nc3 {[%emt 0:01:22]} Qc7 {[%emt 0:00:30]} 7. Bd3 {[%emt 0:02:32]} Nc6 {[%emt 0:01:49]} 8. Nxc6 {[%emt 0:01:48]} bxc6 {[%emt 0:00:09]} 9. O-O {[%emt 0:01:27]} Bb7 {[%emt 0:01:26]} 10. a3 {[%emt 0:02:49]} Rd8 {[%emt 0:00:40]} 11. Be3 {[%emt 0:02:54]} Be7 {[%emt 0:00:32]} 12. f4 {[%emt 0:01:25]} d6 {[%emt 0:00:30]} 13. Qe2 {[%emt 0:03:57]} O-O {[%emt 0:02:05]} 14. g4 {[%emt 0:03:52]} h6 {[%emt 0:08:35]} 15. g5 {[%emt 0:02:18]} hxg5 {[%emt 0:00:24]} 16. fxg5 {[%emt 0:00:37]} Nh7 {[%emt 0:01:19]} 17. Qh5 {[%emt 0:01:49]} e5 {[%emt 0:01:04]} 18. Rf3 {[%emt 0:00:57]} Bc8 {[%emt 0:00:23]} 19. Raf1 {[%emt 0:02:45]} Be6 {[%emt 0:01:10]} 20. g6 {[%emt 0:04:01]} fxg6 {[%emt 0:00:57]} 21. Qxg6 {[%emt 0:00:25]} Rf6 {[%emt 0:03:20]} 22. Rxf6 {[%emt 0:01:56]} Bxf6 {[%emt 0:01:08]} 23. Nd5 {[%emt 0:01:21]} cxd5 {[%emt 0:13:13]} 24. exd5 {[%emt 0:01:37]} Nf8 {[%emt 0:00:13]} 25. Qg3 {[%emt 0:02:05]} Qe7 {[%emt 0:00:40]} 26. dxe6 {[%emt 0:01:39]} Qxe6 {[%emt 0:01:56]} 27. Rc1 {[%emt 0:03:02]} e4 {[%emt 0:00:28]} 28. Be2 {[%emt 0:01:11]} Bxb2 {[%emt 0:04:48]} 29. Rc2 {[%emt 0:02:37]} Be5 {[%emt 0:02:21]} 30. Qg2 {[%emt 0:00:55]} Re8 {[%emt 0:08:17]} 31. Kh1 {[%emt 0:01:45]} Qg6 {[%emt 0:12:05]} 32. Qh3 {[%emt 0:02:06]} Ne6 {[%emt 0:04:18]} 33. Bh5 {[%emt 0:04:30]} Qf6 {[%emt 0:02:19]} 34. Bxe8 {[%emt 0:11:17]} Bf4 {[%emt 0:01:04]} 35. Rf2 {[%emt 0:04:59]} Qe5 {[%emt 0:03:20]} 36. Bc6 {[%emt 0:02:28]} Ng5 {[%emt 0:08:30]} 37. Bd5+ {[%emt 0:01:05]} Qxd5 {[%emt 0:00:48]} 38. Qc8+ {[%emt 0:01:11]} 1-0

[Event "ESTCC U50 2018"]
[Site "Walbrzych"]
[Date "2018.04.18"]
[Round "5"]
[White "Bruno, Fabio"]
[Black "Jones, Gareth"]
[Result "1-0"]
[WhiteElo "2439"]
[BlackElo "1858"]
[Annotator "TA"]
[PlyCount "69"]
[EventDate "2018.??.??"]
[EventCountry "POL"]
[SourceTitle "playchess.com"]
[Source "ChessBase"]
[SourceQuality "1"]
[WhiteTeam "Italy"]
[BlackTeam "England"]
[WhiteTeamCountry "ITA"]
[BlackTeamCountry "ENG"]

{[%evp 14,69,23,26,47,54,62,60,62,56,88,70,72,77,52,54,56,31,29,19,47,35,49,54,85,54,51,52,76,63,84,79,79,87,77,54,64,63,73,69,91,83,82,80,104,111,116,116,116,116,119,119,147,109,519,511,508,504]} 1. d4 Nf6 2. Nf3 g6 3. Bf4 Bg7 4. e3 O-O 5. Be2 d5 6. h3 c5 7. c3 Qb6 8. Qb3 {LiveBook: 12 Games. D02: 1 d4 d5 2 Nf3 sidelines, including 2...Nf6 3 g3 and 2...Nf6 3 Bf4} Qxb3 (8... c4 9. Qa3 Nc6 10. Nbd2 Bf5 11. b3 cxb3 12. axb3 Nd7 13. g4 Be4 14. Nxe4 dxe4 15. Nd2 e5 {1-0 (73) Kolev,A (2568)-Laylo,D (2496) Las Vegas 2008}) 9. axb3 cxd4 10. exd4 {White is slightly better.} Nc6 11. Nbd2 Nd7 12. O-O e5 13. dxe5 Ndxe5 14. Nxe5 Nxe5 15. Be3 Nc6 $146 ({Predecessor:} 15... a6) 16. Nf3 Bf5 17. b4 a6 18. Rfd1 Be6 19. Bc5 Rfe8 20. Kf1 Rac8 21. Be3 Ne5 22. Nxe5 Bxe5 23. Bf3 Red8 24. Bb6 Rd7 25. Ra5 Rc6 26. Be3 Bc7 27. Rc5 Rxc5 28. bxc5 Be5 29. Bd4 f6 30. Re1 Bxd4 31. cxd4 ({But not} 31. Rxe6 $6 Bxc5 32. Rxf6 d4 $11) 31... Kf7 32. Re3 Bf5 33. Rb3 {Hoping for Rxb7!} Bc2 $2 {[%mdl 8192] [#]} (33... Be4 $16 {is a better chance.}) 34. Rxb7 $1 $18 {[%mdl 512]} Bd3+ (34... Rxb7 35. Bxd5+) 35. Ke1 {Precision: White = 70%, Black = 42%.} 1-0

[Event "ESTCC U50 2018"]
[Site "Walbrzych"]
[Date "2018.04.18"]
[Round "5"]
[White "Grabuzova, Tatiana"]
[Black "Deleyn, Gunter"]
[Result "1/2-1/2"]
[WhiteElo "2311"]
[BlackElo "2200"]
[Annotator "NA"]
[PlyCount "93"]
[EventDate "2018.??.??"]
[EventCountry "POL"]
[SourceTitle "playchess.com"]
[Source "ChessBase"]
[SourceQuality "1"]
[WhiteTeam "Russia"]
[BlackTeam "Belgium"]
[WhiteTeamCountry "RUS"]
[BlackTeamCountry "BEL"]
[TimeControl "40/5400+30:1800+30"]

1. d4 {[%emt 0:00:00]} Nf6 {[%emt 0:00:11]} 2. c4 {[%emt 0:00:00]} e6 {[%emt 0:00:16]} 3. g3 {[%emt 0:00:00]} Bb4+ {[%emt 0:00:16]} 4. Bd2 {[%emt 0:00:00]} Qe7 {[%emt 0:00:15]} 5. Bg2 {[%emt 0:00:04]} Nc6 {[%emt 0:00:20]} 6. e3 {[%emt 0:02:05]} Bxd2+ {[%emt 0:00:55]} 7. Qxd2 {[%emt 0:00:21] LiveBook: 42 Games} Qb4 {[%emt 0:00:06] E00: Catalan Bogo-Indian (3 g3 Bb4+)} (7... d5 8. Nf3 dxc4 9. O-O e5 10. Nxe5 Nxe5 11. dxe5 Qxe5 12. Na3 Be6 13. Rac1 Ne4 14. Qd4 Qxd4 15. exd4 {½-½ (52) Goryachkina,A (2493)-Ivanchuk,V (2726) Caleta 2018}) 8. d5 $146 {[%emt 0:12:23]} ({Predecessor:} 8. Qc3 d5 9. Ne2 Qxc4 10. Qxc4 dxc4 11. Na3 Bd7 12. Nxc4 Nb4 13. O-O Bc6 14. Rfc1 Bxg2 15. Kxg2 {1-0 (53) Kourkoulos Arditis,S (2375)-Papadopoulos,P (2211) Thessaloniki 2018}) 8... Qxd2+ {[%emt 0:07:33]} 9. Kxd2 {[%emt 0:00:37]} Ne5 {[%emt 0:02:48]} 10. b3 {[%emt 0:05:54]} d6 {[%emt 0:06:33]} 11. Nc3 {[%emt 0:14:30]} a6 {[%emt 0:13:24]} 12. Nge2 {[%emt 0:17:18]} Rb8 {[%emt 0:10:16]} 13. f4 {[%emt 0:03:09]} Ng6 {[%emt 0:00:17]} 14. e4 {[%emt 0:00:34]} O-O {[%emt 0:03:43]} 15. Rhd1 {[%emt 0:07:47]} Re8 {[%emt 0:03:40]} 16. h3 {[%emt 0:09:38]} h5 {[%emt 0:00:33]} ({Black should play} 16... b5 $11) 17. dxe6 {[%emt 0:01:23]} fxe6 {[%emt 0:00:09]} 18. Ke3 {[%emt 0:00:45]} b5 {[%emt 0:03:07] [#]} 19. Rab1 $15 {[%emt 0:04:39]} (19. c5 $1 $16) 19... b4 {[%emt 0:07:15]} 20. Na4 {[%emt 0:00:18]} Bd7 {[%emt 0:00:22]} 21. Nb2 {[%emt 0:01:21]} Bc6 {[%emt 0:03:41]} 22. Bf3 {[%emt 0:05:07]} h4 {[%emt 0:01:10]} 23. g4 {[%emt 0:00:11]} e5 {[%emt 0:00:08]} 24. f5 {[%emt 0:01:13]} Nf4 {[%emt 0:01:41]} 25. Ng1 {[%emt 0:02:30]} Nh7 {[%emt 0:01:20]} 26. Nd3 {[%emt 0:00:57]} g5 {[%emt 0:06:20]} 27. Nf2 {[%emt 0:01:25]} Nf6 {[%emt 0:00:53]} 28. Be2 {[%emt 0:01:57]} Kg7 {[%emt 0:02:52]} 29. Bf1 {[%emt 0:01:57]} Nd7 {[%emt 0:02:04]} 30. Nf3 {[%emt 0:00:44]} Kf6 {[%emt 0:00:09]} 31. Nd3 {[%emt 0:02:15]} a5 {[%emt 0:01:14]} 32. Rb2 {[%emt 0:00:39]} Nxd3 {[%emt 0:00:54]} 33. Bxd3 {[%emt 0:00:07]} Nc5 {[%emt 0:00:09]} 34. Bc2 {[%emt 0:00:40]} Rb6 {[%emt 0:01:12]} 35. Nd2 {[%emt 0:02:52]} Ra8 {[%emt 0:02:24]} 36. Rdb1 {[%emt 0:00:59]} a4 {[%emt 0:08:55]} 37. Bd1 {[%emt 0:01:12]} axb3 {[%emt 0:00:54]} 38. axb3 {[%emt 0:00:06]} Ra3 {[%emt 0:00:15]} 39. Rc1 {[%emt 0:00:57]} Na4 {[%emt 0:01:49]} 40. Rbc2 {[%emt 0:00:00]} Nc3 {[%emt 0:00:58]} 41. Bf3 {[%emt 0:07:02]} Rba6 {[%emt 0:01:49]} 42. Nb1 {[%emt 0:04:39]} Nxb1 {[%emt 0:05:50]} 43. Rxb1 {[%emt 0:00:10]} R6a5 {[%emt 0:00:27]} 44. Kd2 {[%emt 0:07:04]} Be8 {[%emt 0:01:00]} 45. Kc1 {[%emt 0:01:08]} Bf7 {[%emt 0:00:22]} 46. Bg2 {[%emt 0:00:40]} Ke7 {[%emt 0:03:16]} 47. Ra1 1/2-1/2